Regionen von Finnland - Statistiken

Allgemein
  • Dieses Quiz wurde 165 mal gespielt
  • Das Durchschnittsergebnis liegt bei 6 aus 19
Antworten auf der Karte
Die Antworten werden auf der Karte rot bzw. grün angezeigt, abhängig davon wie oft sie richtig erraten wurden.
 
Antwortstatistiken
Antwort % Korrekt
Lappland
98%
Ålandinseln
43%
Uusimaa
40%
Mittelfinnland
33%
Nordkarelien
33%
Südkarelien
33%
Nordösterbotten
29%
Ostrobothnia
29%
Kainuu
26%
Kanta-Häme
26%
Kymenlaakso
26%
Nord-Savo
26%
Südösterbotten
26%
Süd-Savo
26%
Zentralostbottnien
26%
Satakunta
19%
Päijät-Häme
14%
Pirkanmaa
14%
Südwestfinnland
12%
Keine übereinstimmenden Quizze gefunden
Verteilung der Resultate
Anzahl Personen mit jedem Resultat
Perzentil nach korrekt beantworteten Fragen
Ihre Resultats-Entwicklung
Sie haben dieses Quiz noch nicht gespielt